Statistics for All 50k+ Cities in Cuba with a Map

Click here to take the quiz!

General Stats

  • This quiz has been taken 530 times
  • The average score is 8 of 19

Answers on the Map

Answers color-coded by a green-red scale on the quiz's map according to % correct below.
 

Answer Stats

PopulationCity% Correct
2,130,081Havana
98%
433,099Santiago de Cuba
80%
216,609Guantánamo
69%
306,183Camagüey
55%
294,002Holguín
49%
216,056Santa Clara
48%
150,404Cienfuegos
45%
142,967Pinar del Río
41%
140,107Matanzas
40%
168,645Las Tunas
32%
158,978Bayamo
30%
108,127Sancti Spíritus
30%
119,394Ciego de Ávila
28%
53,847Florida
26%
97,038Manzanillo
24%
80,832Cárdenas
22%
57,652Moa
22%
53,551Morón
22%
76,179Palma Soriano
19%

Score Distribution

Percentile by Number Answered

Percent of People with Each Score

Your Score History

You have not taken this quiz